Migración transnacional: dominicanos en New York City /
La migración dominicana, como fenómeno social de masa, tiene su origen en la instauración y consolidación de la férrea dictadura (1930-1961) y muerte violenta del dictador Rafael Leonidas Trujillo (30 de mayo 1961), la guerra civil e invasión norteamericana de 1965, la apertura de los Estados Unidos...
Furkejuvvon:
| Váldodahkki: | |
|---|---|
| Materiálatiipa: | Texto |
| Fáttát: | |
| Fáddágilkorat: |
Lasit fáddágilkoriid
Eai fáddágilkorat, Lasit vuosttaš fáddágilkora!
|
MARC
| LEADER | 00000 a a2200000 04500 | ||
|---|---|---|---|
| 001 | 2911 | ||
| 003 | |||
| 040 | |||
| 100 | |a Ghasmann Bissainthe, Jean | ||
| 245 | |a Migración transnacional: |b dominicanos en New York City / |c Jean Ghasmann Bissainthe | ||
| 520 | |a La migración dominicana, como fenómeno social de masa, tiene su origen en la instauración y consolidación de la férrea dictadura (1930-1961) y muerte violenta del dictador Rafael Leonidas Trujillo (30 de mayo 1961), la guerra civil e invasión norteamericana de 1965, la apertura de los Estados Unidos a los migrantes no europeos, la llegada y el fortalecimiento en el poder de Joaquín Balaguer (1966-1978), el crecimiento poblacional y la crisis de la industria azucarera en la década de los ochenta. El éxodo masivo de los nacionales dominicanos estuvo orientado específicamente hacia Puerto Rico y los Estados Unidos de América, sobre todo a la ciudad de New York. Es ahí donde la migración, en cuanto fenómeno dinámico, facilita o hace posible, en un proceso constante de cambios, la transformación del migrante dominicano, quien por encima de la distancia y las fronteras geográficas, logra mantener lazos estrechos con su país de origen, acercándose cada vez más a su tierra natal, raíces, cultura y tradiciones. El Transnacionalismo, pues, lejos de provocar el olvido y el desamor por los suyos y su pequeño terruño, acrecienta, por el contrario, la solidaridad y la dominicanidad | ||
| 650 | |a EMIGRACION | ||
| 650 | |a HISTORIA | ||
| 650 | |a ASPECTOS POLITICOS | ||
| 650 | |a ASPECTOS ECONOMICOS | ||
| 650 | |a IDENTIDAD CULTURAL | ||
| 650 | |a CAMBIO CULTURAL | ||
| 650 | |a ASPECTOS PSICOLOGICOS | ||
| 650 | |a MIGRANTES | ||
| 773 | |g volumen 28, número 1; páginas 128-160 | ||
| 999 | |c 34966 |d 34966 | ||
